The World's Great REligions. (Record no. 3219)

MARC details
000 -LEADER
fixed length control field 00352nam a22001217a 4500
005 - DATE AND TIME OF LATEST TRANSACTION
control field 20201119112253.0
008 - FIXED-LENGTH DATA ELEMENTS--GENERAL INFORMATION
fixed length control field 201119b ||||| |||| 00| 0 eng d
020 ## - INTERNATIONAL STANDARD BOOK NUMBER
International Standard Book Number 2436
040 ## - CATALOGING SOURCE
Transcribing agency CML
245 ## - TITLE STATEMENT
Title The World's Great REligions.
Statement of responsibility, etc. Editorial Staff of Lif.
260 ## - PUBLICATION, DISTRIBUTION, ETC.
Place of publication, distribution, etc. London
Name of publisher, distributor, etc. Collins
Date of publication, distribution, etc. 1957
942 ## - ADDED ENTRY ELEMENTS (KOHA)
Source of classification or shelving scheme Dewey Decimal Classification
Koha item type Books
Edition 1st Edition
Classification part 299
Call number suffix WOR

No items available.

Powered by Koha